Statistics for Jetpunk's Most Guessed

Click here to take the quiz!

General Stats

  • This quiz has been taken 43 times
  • The average score is 19 of 24

Answer Stats

Most Guessed..QuizAnswerGuessed by% Correct
Most Guessed Oceanic CountryCountries of OceaniaAustralia99%
100%
Most Guessed South American CountryCountries of South AmericaBrazil99%
100%
Most Guessed US StateUS States QuizCalifornia / Texas96%
100%
Most Guessed Asian CountryCountries of Asia QuizChina99%
100%
Most Guessed African CountryCountries of AfricaEgypt / South Africa97%
100%
Most Guessed European CountryCountries of Europe QuizUnited Kingdom / France99%
100%
Most Guessed CountryCountries of the World QuizUnited States97%
100%
Most Guessed CapitalWorld Capitals QuizParis91%
94%
Most Guessed US PresidentU.S. Presidents QuizBarack Obama98%
89%
Most Guessed ContinentSeven Coninents QuizAsia99%
86%
Most Guessed LanguageOfficial Languages of the WorldEnglish / Spanish / French99%
86%
Most Guessed Fast Food RestaurantFast Food Restaurants QuizMcDonalds98%
86%
Most Guessed PlanetName the Planets QuizEarth / Mars99%
83%
Most Guessed River World's Longest RiversNile98%
77%
Most Guessed Olympian GodOlympian Gods QuizZeus99%
77%
Most Guessed Currency World Currency QuizDollar98%
71%
Most Guessed European Football TeamTop 100 European Football TeamsReal Madrid / FC Barcelona99%
71%
Most Guessed ElementPeriodic Table of ElementsHydrogen96%
66%
Most Guessed English Word100 Most Common English Words QuizA97%
63%
Most Guessed Zodiac SignSings of the Zodiac QuizLeo90%
60%
Most Guessed NBA Basketball TeamNBA Basketball Teams QuizLos Angeles Lakers96%
57%
Most Guessed US State CapitalUS State Capitals QuizSacramento85%
51%
Most Guessed NFL Football TeamNFL Football Teams QuizNew England Patriots / New York Giants92%
43%
Most Guessed James Bond MovieJames Bond Movies QuizCasino Royale89%
31%

Score Distribution

Percentile by Number Answered

Percent of People with Each Score

Your Score History

You have not taken this quiz